000 004300000a22001690004500
003 MACL
005 20151229172640.0
008 151229b xxu||||| |||| 00| 0 eng d
040 _aMACL
_cMACL
041 _aEnglish
082 _a193/VIN
100 _aLord Redesdale
_924414
245 _aImmanuel Kant
_bA Study and A Comparison
260 _bJohn lane Company
_c1914
650 _aPhilosophy
_924415
942 _cBK
_k193/VIN
_2ddc
999 _c38140
_d38140